000 003830000a22001690004500
003 LK-CoMWRAF
008 230817t ||||| |||| 00| 0 eng d
040 _aLK-CoMWRAF
_dLK-CoMWRAF
_eLK-CoMWRAF
041 _aeng
082 _a024
_bAZH
100 _aAzhiyaal
245 _aUraththup Pesa....
_b
260 _aChennai
_bMaru
_c2000
300 _ap.72
650 _aTamil
942 _cBK
999 _c444
_d444